Statystyki dla CZYM SMARUJEMY CHLEB?

Kliknij tutaj aby rozwiązać quiz!

Ogólne statystyki

  • Ten quiz został rozwiązany 332 razy
  • Średni wynik to 4 z 7

Statystyki odpowiedzi

Odpowiedź% Poprawnych
MASŁEM
97%
DŻEMEM
72%
NUTELLĄ
68%
MARGARYNĄ
56%
PASZTETEM
42%
SMALCEM
42%
PAPRYKAŻEM SZCZECIŃSKIM
0%

Rozkład punktacji

Percentyl według liczby udzielonych odpowiedzi

Procent ludzi z każdym wynikiem

Twoja historia wyników

Nie rozwiązałeś tego quizu